00358nam a2200157Ia 4500003000400000005001700004008004000021020001500061040000700076041000800083082001600091100002000107245003500127260002900162300000900191OSt20251103161121.0210210b1984 xxu||||| |||| 00| 0 eng d a0709912560 cAL aeng a340.59 HODM aKeith Hodkinson aMuslim family law a sourcebook aLondonbCroom Helmc1984 a401p